000 00218nam a2200097Ia 4500
005 20251222114405.0
008 251222s1900||||xx |||||||||||||| ||spa||
082 _aDVD0080/D36
245 0 _aMaximiliano Kolbe:
942 _cDVD
999 _c1786
_d1786